书目信息 |
| 题名: |
文化与日常生活
|
|
| 作者: | 英格利斯 著 ;张秋月 , 周雷亚 译 | |
| 分册: | ||
| 出版信息: | 北京 中央编译出版社 2010.06 |
|
| 页数: | 220页 | |
| 开本: | 21cm | |
| 丛书名: | 社会学新经典译丛 | |
| 单 册: | ||
| 中图分类: | G112 | |
| 科图分类: | ||
| 主题词: | 文化--关系--社会生活 , 文化 , 社会生活 | |
| 电子资源: | ||
| ISBN: | 978-7-5117-0092-6 | |
| 000 | 01081oam2 2200301 45 | |
| 001 | 1355413718 | |
| 005 | 20130513105110.60 | |
| 010 | @a978-7-5117-0092-6@dCNY39.00 | |
| 100 | @a20130108d2010 em y0chiy0110 ea | |
| 101 | 1 | @achi@ceng |
| 102 | @aCN@b110000 | |
| 105 | @ay z 001yy | |
| 106 | @ar | |
| 200 | 1 | @a文化与日常生活@AWen Hua Yu Ri Chang Sheng Huo@f(英)戴维·英格利斯(David Inglis)著@F( Ying ) Dai Wei· Ying Ge Li Si (David Inglis) Zhu@g张秋月,周雷亚译 |
| 210 | @a北京@c中央编译出版社@d2010.06 | |
| 215 | @a220页@d21cm | |
| 225 | 2 | @a社会学新经典译丛 |
| 330 | @a本书内容包括:文化、“本性”和日常生活、现代文化和日常生活、日常生活中的“高雅”文化、“通俗”文化和“低俗”文化、全球化、文化和日常生活。 | |
| 461 | 0 | @12001 @a社会学新经典译丛 |
| 606 | 0 | @a文化@x关系@x社会生活 |
| 606 | 0 | @a文化 |
| 606 | 0 | @a社会生活 |
| 690 | @aG112@v5 | |
| 701 | 0 | @c(英)@a英格利斯@AYing Ge Li Si@c(Inglis, David)@4著 |
| 702 | 0 | @a张秋月@AZhang Qiu Yue@4译 |
| 702 | 0 | @a周雷亚@AZhou Lei Ya@4译 |
| 801 | @aCN@bTANGWEI@c20130111 | |
| 905 | @b0831141-43@dG112@e21@f3 | |
| 文化与日常生活/(英)戴维·英格利斯(David Inglis)著/张秋月,周雷亚译.-北京:中央编译出版社,2010.06 |
| 220页;21cm.-(社会学新经典译丛) |
| ISBN 978-7-5117-0092-6:CNY39.00 |
| 本书内容包括:文化、“本性”和日常生活、现代文化和日常生活、日常生活中的“高雅”文化、“通俗”文化和“低俗”文化、全球化、文化和日常生活。 |
| ● |
| 相关链接 |
|
|
|
|
正题名:文化与日常生活
索取号:G112/21
 
预约/预借
| 序号 | 登录号 | 条形码 | 馆藏地/架位号 | 状态 | 备注 |
| 1 | 0831141 | 208311414 | 第一样本阅览室/ [索取号:G112/21] | 在馆 | |
| 2 | 0831142 | 208311423 | 第四借阅区/ [索取号:G112/21] | 在馆 | |
| 3 | 0831143 | 208311432 | 第四借阅区/ [索取号:G112/21] | 在馆 |